Ageing, Organisations and Management Constructive Discourses and Critical Perspectives

Salvato in:
Dettagli Bibliografici
Altri autori: Aaltio, Iiris, Mills, Albert J., Mills, Jean Helmut
Natura: Libro
Lingua:inglese
Pubblicazione: Cham Palgrave Macmillan 2017
Soggetti:
Tags: Aggiungi Tag
Nessun Tag, puoi essere il primo ad aggiungerne!!

MARC

LEADER 00000nam a2200000 4500
001 0259208
005 20240221111158.8
020 |a 978-3-319-86480-8 
020 |a 978-3-319-58813-1 
041 0 |a eng 
044 |a CH 
245 1 0 |a Ageing, Organisations and Management  |b Constructive Discourses and Critical Perspectives  |c Editors: Iiris Aaltio, Albert J. Mills, Jean Helmut Mills 
264 1 |a Cham  |b Palgrave Macmillan  |c 2017 
300 |a 370 s. 
610 2 0 |a organizácie 
610 2 0 |a zamestnanci 
610 2 0 |a starnutie populácie 
610 2 0 |a dôchodcovia 
610 2 0 |a miesta pracovné 
610 2 0 |a politika zamestnanosti 
610 2 0 |a politika personálna 
610 2 0 |a riadenie ľudských zdrojov 
610 2 0 |a porovnanie medzinárodné 
610 2 0 |a výskum 
610 2 0 |a prognózy 
700 1 |a Aaltio, Iiris 
700 1 |a Mills, Albert J. 
700 1 |a Mills, Jean Helmut